000
00228 a2200109 4500
001
61516
082
_a
352.88 OMB
090
_c
37062
_d
37062
245
_a
Annual Report 2008
_h
English
260
_b
Ombudsman
300
_a
210p
942
_a
CAE NUST
_k
352.88 OMB
999
_c
296589
_d
296589